000 01226cam a22004094a 4500
001 6636
003 FISKH
005 20251219081937.0
008 100318s2011 flua j b 001 0 eng
010 _a 2010010105
020 _a9781615902613 (alk. paper)
020 _a9781615905010
020 _a1615902619 (alk. paper)
020 _a9781615905010 (pbk.)
020 _a1615905014 (pbk.)
040 _aDLC
_cDLC
_dDLC
050 _aBF469.M5845
082 _a591.3
100 1 _aMitten, Luana K.
245 1 0 _aSqueak, squeal, squawk /
_cLuana K. Mitten.
260 _aVero Beach :
_bRourke Publishing,
_c2011.
300 _a24 pages :
_bcolor illustrations ;
_c21 cm
490 0 _aAnimal babies and me
490 1 _aRourke discovery library
504 _aIncludes bibliographical references and index.
505 _aaa
520 _aLearn about the sounds that different animal babies make.
521 8 _a70
_bLexile
521 8 _aaa
_bRaz-Plus
650 0 _aSpace perception
_vJuvenile literature.
650 1 _aAnimals.
650 1 _aAnimal sounds.
830 0 _aRourke discovery library.
906 _a7
_bcbc
_corignew
_d1
_eecip
_f20
_gy-gencatlg
942 _2ddc
_cBK
_n0
999 _c6636
_d6636